[Event "5. ODEM U25 2008"]
[Site "Willingen GER"]
[Date "2008.05.12"]
[Round "3"]
[White "Schätz, Christopher"]
[Black "Huynh, Nhi Lang"]
[Result "0-1"]
[Termination "normal"]
[Board "14"]
[WhiteElo "2033"]
[BlackElo "1778"]
[PlyCount "68"]
[WhiteFideId "24623997"]
[BlackFideId "24669180"]
[EventCountry "GER"]
[EventRounds "9"]
[EventType "swiss"]
[EventDate "2008.05.10"]

1. e4 c5 2. Nf3 Nc6 3. d4 cxd4 4. Nxd4 d6 5. Nc3 g6 6. Be3 Bg7 7. Qd2 Nf6 8. f3
h5 9. Bc4 Bd7 10. O-O-O a6 11. h3 h4 12. f4 b5 13. Bd3 b4 14. Nce2 Qa5 15. Kb1
Nxd4 16. Nxd4 Bb5 17. f5 Bxd3 18. cxd3 Rc8 19. fxg6 fxg6 20. Ne6 Kf7 21. Ng5+
Ke8 22. Rc1 Kd7 23. Rc4 Rxc4 24. dxc4 Rc8 25. c5 Qb5 26. e5 Ne8 27. Qd5 Bxe5
28. Qe6+ Kc7 29. Qxe7+ Kb8 30. c6 Nc7 31. Bc1 Qxc6 32. Qh7 Qxg2 33. Rd1 Ne6 34.
Qxg6 Nxg5 0-1

[Event "5. ODEM U25 2008"]
[Site "Willingen GER"]
[Date "2008.05.12"]
[Round "3"]
[White "Pogan, Nicolas"]
[Black "Paulus, Jeffrey"]
[Result "1/2-1/2"]
[Termination "normal"]
[Board "15"]
[WhiteElo "2003"]
[BlackElo "1674"]
[PlyCount "77"]
[WhiteFideId "24673579"]
[BlackFideId "24692468"]
[EventCountry "GER"]
[EventRounds "9"]
[EventType "swiss"]
[EventDate "2008.05.10"]

1. e4 e5 2. Nf3 Nf6 3. Nxe5 Qe7 4. Nf3 Qxe4+ 5. Be2 Bc5 6. d4 Bb6 7. c4 O-O 8.
Nc3 Ba5 9. O-O Bxc3 10. bxc3 d5 11. Ng5 Qg6 12. cxd5 Nxd5 13. Qb3 Nb6 14. a4 h6
15. Nf3 Be6 16. c4 a5 17. Ne5 Qe4 18. Be3 Nc6 19. Nxc6 bxc6 20. Qc3 Bf5 21. Bf3
Qd3 22. Rfc1 Qxc3 23. Rxc3 Bd7 24. Bf4 Rac8 25. h4 c5 26. dxc5 Nxa4 27. Rca3
Nxc5 28. Rxa5 Nb3 29. c5 Nxa5 30. Rxa5 c6 31. Ra7 Be6 32. Bd6 Rfe8 33. Kh2 Bd5
34. Bg4 Ra8 35. Rc7 Ra2 36. Kg3 Ree2 37. Bxe2 Rxe2 38. Bf4 Re4 39. Rc8+ 1/2-1/2

[Event "5. ODEM U25 2008"]
[Site "Willingen GER"]
[Date "2008.05.12"]
[Round "3"]
[White "Weißbeck, Simon"]
[Black "Plank, Michael"]
[Result "1-0"]
[Termination "normal"]
[Board "16"]
[WhiteElo "1831"]
[BlackElo "1741"]
[PlyCount "127"]
[WhiteFideId "24646865"]
[BlackFideId "4671716"]
[EventCountry "GER"]
[EventRounds "9"]
[EventType "swiss"]
[EventDate "2008.05.10"]

1. e4 c6 2. d4 d5 3. e5 Bf5 4. Bd3 Bxd3 5. Qxd3 e6 6. Ne2 c5 7. O-O Nc6 8. c3
Nge7 9. Bg5 cxd4 10. cxd4 Qb6 11. Bxe7 Bxe7 12. Nbc3 O-O 13. f4 Bb4 14. Kh1
Bxc3 15. bxc3 Ne7 16. g4 Qa6 17. Qe3 f5 18. exf6 Rxf6 19. f5 Qd6 20. fxe6 Rxe6
21. Qf4 Ng6 22. Qf7+ Kh8 23. Ng3 Re7 24. Qf3 Qe6 25. Nf5 Ree8 26. Rab1 b6 27.
h4 Qe4 28. h5 Nf8 29. Rb2 g6 30. Nd6 Qxf3+ 31. Rxf3 Re1+ 32. Kh2 Ne6 33. Rbf2
Ng5 34. Nf7+ Nxf7 35. Rxf7 Re4 36. h6 Ree8 37. Rd7 Red8 38. Rff7 Rxd7 39. Rxd7
Kg8 40. Rxd5 Re8 41. Re5 Rc8 42. Re3 Kf7 43. g5 Rc4 44. Kg3 Rc7 45. Kf4 Rd7 46.
Kf3 b5 47. Ke2 b4 48. Kd3 bxc3 49. Kxc3 Rc7+ 50. Kb4 a5+ 51. Kxa5 Ra7+ 52. Kb6
Rxa2 53. d5 Rd2 54. Kc6 Rc2+ 55. Kd7 Rd2 56. d6 Rc2 57. Re7+ Kg8 58. Kd8 Rd2
59. d7 Kf8 60. Rxh7 Rd3 61. Re7 Rd2 62. Re8+ Kf7 63. h7 Rd3 64. Re7+ 1-0

[Event "5. ODEM U25 2008"]
[Site "Willingen GER"]
[Date "2008.05.12"]
[Round "3"]
[White "Billing, Alexander"]
[Black "Wenninger, Philipp"]
[Result "1-0"]
[Termination "normal"]
[Board "17"]
[WhiteElo "1875"]
[BlackElo "1868"]
[PlyCount "73"]
[WhiteFideId "24624420"]
[BlackFideId "4648404"]
[EventCountry "GER"]
[EventRounds "9"]
[EventType "swiss"]
[EventDate "2008.05.10"]

1. e4 c6 2. d4 d5 3. e5 Bf5 4. g4 Be4 5. f3 Bg6 6. h4 h6 7. h5 Bh7 8. e6 Nf6 9.
exf7+ Kxf7 10. Bd3 Bxd3 11. Qxd3 e6 12. g5 hxg5 13. Bxg5 Qe8 14. Qg6+ Ke7 15.
Bxf6+ gxf6 16. Qg4 Nd7 17. Nd2 f5 18. Qg5+ Nf6 19. h6 Rg8 20. Qh4 Qg6 21. Ne2
Rh8 22. Nf4 Qf7 23. Qg5 Rg8 24. Qh4 Kd7 25. O-O-O Rh8 26. Nd3 Bd6 27. Ne5+ Bxe5
28. dxe5 Ne8 29. Rdg1 Rd8 30. Nb3 Kc8 31. Nc5 b6 32. Nd3 Rh7 33. Nf4 Nc7 34.
Qf6 Rf8 35. Rg7 Qe8 36. Qg6 Rhh8 37. h7 1-0

[Event "5. ODEM U25 2008"]
[Site "Willingen GER"]
[Date "2008.05.12"]
[Round "3"]
[White "Schwarzat, Julian"]
[Black "Schneider, Johannes"]
[Result "1-0"]
[Termination "normal"]
[Board "18"]
[WhiteElo "1963"]
[BlackElo "1645"]
[PlyCount "35"]
[WhiteFideId "24675857"]
[BlackFideId "24687260"]
[EventCountry "GER"]
[EventRounds "9"]
[EventType "swiss"]
[EventDate "2008.05.10"]

1. e4 d5 2. exd5 Qxd5 3. Nc3 Qa5 4. d4 Nf6 5. Bc4 c6 6. Bd2 Qc7 7. Qe2 Bg4 8.
f3 Bf5 9. O-O-O Nbd7 10. g4 Bg6 11. f4 h6 12. f5 Bh7 13. Nh3 Nb6 14. Bf4 Qd7
15. Bd3 O-O-O 16. Qe5 Qd6 17. Qa5 Qxd4 18. Be2 1-0

[Event "5. ODEM U25 2008"]
[Site "Willingen GER"]
[Date "2008.05.12"]
[Round "3"]
[White "Drewes, Carina"]
[Black "Elser, Niklas"]
[Result "1/2-1/2"]
[Termination "normal"]
[Board "19"]
[WhiteElo "1676"]
[BlackElo "1858"]
[PlyCount "82"]
[WhiteFideId "24600296"]
[BlackFideId "24634573"]
[EventCountry "GER"]
[EventRounds "9"]
[EventType "swiss"]
[EventDate "2008.05.10"]

1. d4 d5 2. Nf3 Nf6 3. Bf4 e6 4. e3 Be7 5. h3 O-O 6. Bd3 c5 7. c3 Nbd7 8. O-O
Qb6 9. Qc2 c4 10. Be2 Ne4 11. Nbd2 f5 12. Rab1 Qc6 13. Ne5 Nxe5 14. Bxe5 b5 15.
a3 Bd7 16. Qc1 g5 17. Nxe4 dxe4 18. Qd1 Be8 19. f4 a5 20. Ra1 Bg6 21. Qe1 h6
22. Qg3 Kf7 23. Qe1 Rfc8 24. Qd2 Ra7 25. Rad1 Rd7 26. Qe1 b4 27. axb4 axb4 28.
Ra1 b3 29. Qf2 Qb6 30. Ra4 Ra7 31. Rfa1 Rca8 32. Rxa7 Rxa7 33. Qf1 Ra2 34. Rxa2
bxa2 35. Qa1 Qb3 36. Bd1 Kf8 37. Bxb3 cxb3 38. Kf2 Be8 39. g3 Bb5 40. Bc7 Bd3
41. Be5 Kf7 1/2-1/2

[Event "5. ODEM U25 2008"]
[Site "Willingen GER"]
[Date "2008.05.12"]
[Round "3"]
[White "Reichert, Manuel"]
[Black "George, Tom"]
[Result "1/2-1/2"]
[Termination "normal"]
[Board "20"]
[WhiteElo "1946"]
[BlackElo "1669"]
[PlyCount "140"]
[WhiteFideId "24674028"]
[BlackFideId "24659487"]
[EventCountry "GER"]
[EventRounds "9"]
[EventType "swiss"]
[EventDate "2008.05.10"]

1. d4 d5 2. c4 e6 3. Nc3 Nf6 4. cxd5 exd5 5. Bg5 Nbd7 6. e3 Be7 7. Bd3 O-O 8.
Qc2 c6 9. Nf3 Re8 10. O-O Nf8 11. h3 Ne4 12. Bf4 Nxc3 13. Qxc3 Ne6 14. Bh2 Ng5
15. Nxg5 Bxg5 16. b4 Bd7 17. b5 Rc8 18. bxc6 Bxc6 19. Qb3 Qe7 20. Bb5 Qd7 21.
Bxc6 Rxc6 22. Rab1 b6 23. Qb5 Rd8 24. a4 Rc4 25. a5 bxa5 26. Qxa5 Ra4 27. Qb5
Rc4 28. Bg3 Rc6 29. Ra1 Rb6 30. Qa5 Rb7 31. Rfc1 g6 32. Kh2 Be7 33. Qa6 Bd6 34.
Qxd6 Qxd6 35. Bxd6 Rxd6 36. Rc5 Kg7 37. Raa5 Rbd7 38. Kg3 Kf6 39. Kf4 h6 40.
Ra4 Ke6 41. Rca5 Rb6 42. Rxa7 Rxa7 43. Rxa7 Rb2 44. Ra6+ Ke7 45. Ke5 Rxf2 46.
Ra7+ Ke8 47. Kxd5 Rxg2 48. Kd6 Kf8 49. Ra8+ Kg7 50. e4 Rh2 51. d5 Rxh3 52. Ke7
Re3 53. Ra4 f5 54. d6 fxe4 55. d7 Rd3 56. Rxe4 h5 57. d8=Q Rxd8 58. Kxd8 Kf6
59. Re8 h4 60. Rf8+ Ke6 61. Rg8 Kf7 62. Rh8 g5 63. Kd7 Kf6 64. Kd6 Kf5 65. Rf8+
Ke4 66. Rg8 Kf4 67. Rf8+ Kg3 68. Ke5 h3 69. Kf5 h2 70. Rh8 Kg2 1/2-1/2

[Event "5. ODEM U25 2008"]
[Site "Willingen GER"]
[Date "2008.05.12"]
[Round "3"]
[White "Münch, Marlene"]
[Black "Bömelburg, Raphael"]
[Result "1-0"]
[Termination "normal"]
[Board "21"]
[WhiteElo "1674"]
[BlackElo "1852"]
[PlyCount "81"]
[WhiteFideId "24639222"]
[BlackFideId "24692441"]
[EventCountry "GER"]
[EventRounds "9"]
[EventType "swiss"]
[EventDate "2008.05.10"]

1. d4 Nf6 2. c4 c5 3. d5 e6 4. Nc3 exd5 5. cxd5 d6 6. e4 g6 7. Bg5 Bg7 8. f4
O-O 9. Nf3 Re8 10. Qc2 Qa5 11. Nd2 Bd7 12. a4 Na6 13. Bxa6 Qxa6 14. O-O-O Ng4
15. Nf1 Bxc3 16. Qxc3 Qxa4 17. Ng3 b5 18. h3 b4 19. Qf3 Qa1+ 20. Kd2 Qxb2+ 21.
Ke1 Ba4 22. hxg4 Bxd1 23. Qxd1 Qxg2 24. Qd3 f5 25. gxf5 gxf5 26. Rf1 Rxe4+ 27.
Nxe4 Qxe4+ 28. Qxe4 fxe4 29. Be7 c4 30. f5 c3 31. f6 Kf7 32. Rg1 Rg8 33. Rxg8
Kxg8 34. Bxd6 b3 35. Kd1 e3 36. Bg3 a5 37. d6 c2+ 38. Kc1 a4 39. d7 a3 40.
d8=Q+ Kf7 41. Qe7+ 1-0

[Event "5. ODEM U25 2008"]
[Site "Willingen GER"]
[Date "2008.05.12"]
[Round "3"]
[White "Windjäger, Gerd"]
[Black "Fernschild, Daniel"]
[Result "1-0"]
[Termination "normal"]
[Board "22"]
[WhiteElo "1535"]
[BlackElo "1877"]
[PlyCount "39"]
[BlackFideId "4624513"]
[EventCountry "GER"]
[EventRounds "9"]
[EventType "swiss"]
[EventDate "2008.05.10"]

1. d4 e6 2. Nd2 Nf6 3. Ngf3 d5 4. e3 Bd6 5. Bd3 Nbd7 6. O-O O-O 7. Re1 c5 8. c3
Qc7 9. e4 dxe4 10. Nxe4 cxd4 11. cxd4 Nxe4 12. Rxe4 Nf6 13. Rh4 h6 14. Bxh6
gxh6 15. Qd2 Bf4 16. Rxf4 Kg7 17. Ne5 Rh8 18. Rxf6 Kxf6 19. Qf4+ Kg7 20. Qg3+
1-0

[Event "5. ODEM U25 2008"]
[Site "Willingen GER"]
[Date "2008.05.12"]
[Round "3"]
[White "Schäfer, Emma"]
[Black "Geshnizjani, Ramin Tobias"]
[Result "0-1"]
[Termination "normal"]
[Board "23"]
[WhiteElo "1348"]
[BlackElo "2039"]
[PlyCount "54"]
[WhiteFideId "24659312"]
[BlackFideId "24633089"]
[EventCountry "GER"]
[EventRounds "9"]
[EventType "swiss"]
[EventDate "2008.05.10"]

1. d4 Nf6 2. Nf3 g6 3. c4 c5 4. e3 Bg7 5. Nc3 O-O 6. Bd3 cxd4 7. exd4 d5 8. b3
Nc6 9. Be3 Bg4 10. Be2 e6 11. a3 Ne4 12. Qc2 Bxf3 13. Bxf3 Nxd4 14. Bxd4 Bxd4
15. Bxe4 dxe4 16. O-O e3 17. fxe3 Bxe3+ 18. Kh1 Qd2 19. Qxd2 Bxd2 20. Ne4 Rad8
21. Rf3 Rd4 22. Ng3 Rfd8 23. Raf1 f5 24. Ne2 Rd3 25. Rxd3 Rxd3 26. Rf3 Be3 27.
g3 Rxb3 0-1

[Event "5. ODEM U25 2008"]
[Site "Willingen GER"]
[Date "2008.05.12"]
[Round "3"]
[White "Kostka, Daniel"]
[Black "Roitzsch, Philippe"]
[Result "0-1"]
[Termination "time forfeit"]
[Board "25"]
[WhiteElo "1572"]
[BlackElo "1971"]
[PlyCount "168"]
[BlackFideId "24635529"]
[EventCountry "GER"]
[EventRounds "9"]
[EventType "swiss"]
[EventDate "2008.05.10"]

1. e4 e5 2. Nf3 Nc6 3. Bb5 Nf6 4. d3 d6 5. h3 a6 6. Ba4 b5 7. Bb3 Be6 8. O-O
Be7 9. Be3 O-O 10. Nc3 Bxb3 11. axb3 d5 12. Bg5 d4 13. Bxf6 gxf6 14. Nd5 Kh8
15. Nh4 Rg8 16. Qh5 Qf8 17. Nf5 Rg6 18. Nxc7 Ra7 19. Nxe7 Qxe7 20. Nd5 Qe6 21.
f4 Qd6 22. f5 Rg7 23. Qh6 Qc5 24. Rf2 a5 25. Nxf6 Qf8 26. Raf1 Ra8 27. Ng4 Qc5
28. Qh5 a4 29. b4 Qd6 30. f6 Rg6 31. Rf5 Rag8 32. R1f2 Qxb4 33. Nh6 Qe1+ 34.
Kh2 Rf8 35. Rf1 Qd2 36. Ng4 Qxc2 37. Rg5 Qxd3 38. Rxg6 fxg6 39. Qh6 Rf7 40. Re1
a3 41. Rc1 Qxe4 42. bxa3 Qd5 43. Kg1 e4 44. Ne5 Qxe5 45. Rxc6 Qe8 46. Qc1 Rf8
47. Qc5 h6 48. Qe7 Qxe7 49. fxe7 Re8 50. Re6 e3 51. Re4 Kg7 52. Rxd4 Rxe7 53.
Rd1 Kf6 54. Re1 Kf5 55. Kf1 Ke4 56. Rb1 Kd3 57. Ke1 Re5 58. Kd1 Rd5 59. Ke1 Re5
60. Kd1 h5 61. Rb3+ Kc4 62. Rb4+ Kc3 63. Ke1 Rg5 64. g4 hxg4 65. hxg4 Re5 66.
Ke2 g5 67. Rb1 Kc4 68. Rb4+ Kc5 69. Rb3 Re4 70. Rc3+ Kb6 71. Rxe3 Rxg4 72. Re5
Rg3 73. Kf2 Rxa3 74. Rxg5 Rd3 75. Ke2 Rd8 76. Rf5 Ka5 77. Rf1 b4 78. Ra1+ Kb5
79. Rb1 Ka4 80. Ra1+ Kb3 81. Rb1+ Ka3 82. Kf2 b3 83. Rh1 b2 84. Rh3+ Ka2 0-1

[Event "5. ODEM U25 2008"]
[Site "Willingen GER"]
[Date "2008.05.12"]
[Round "3"]
[White "Seyrich, Maximilian"]
[Black "Bauer, Hermann"]
[Result "1-0"]
[Termination "normal"]
[Board "26"]
[WhiteElo "1943"]
[BlackElo "1549"]
[PlyCount "75"]
[WhiteFideId "24622427"]
[BlackFideId "24601730"]
[EventCountry "GER"]
[EventRounds "9"]
[EventType "swiss"]
[EventDate "2008.05.10"]

1. d4 f5 2. g3 Nf6 3. Bg2 g6 4. Nf3 d6 5. O-O e6 6. c4 Bg7 7. Nc3 O-O 8. Re1
Ne4 9. Qc2 d5 10. Bf4 c6 11. Ne5 g5 12. Bc1 dxc4 13. Nxe4 Qxd4 14. Nf3 Qxe4 15.
Qxe4 fxe4 16. Nxg5 c3 17. Rb1 c2 18. Ra1 Rd8 19. Bxe4 Rd1 20. Bxh7+ Kf8 21. Nf3
Rxe1+ 22. Nxe1 e5 23. Bxc2 Be6 24. b3 e4 25. Ba3+ Kf7 26. Rd1 Bd5 27. Ng2 Bh6
28. f3 exf3 29. exf3 Nd7 30. Re1 Bf8 31. Bxf8 Rxf8 32. Be4 Nf6 33. Bxd5+ Nxd5
34. Ne3 Nb4 35. a3 Na6 36. Rd1 Kg6 37. Nc4 b5 38. Ne5+ 1-0

[Event "5. ODEM U25 2008"]
[Site "Willingen GER"]
[Date "2008.05.12"]
[Round "3"]
[White "Kahleys, Kevin"]
[Black "Berger, Manuel"]
[Result "1-0"]
[Termination "normal"]
[Board "27"]
[WhiteElo "1955"]
[BlackElo "1541"]
[PlyCount "77"]
[WhiteFideId "24669601"]
[BlackFideId "24692506"]
[EventCountry "GER"]
[EventRounds "9"]
[EventType "swiss"]
[EventDate "2008.05.10"]

1. d4 d6 2. c4 e5 3. dxe5 dxe5 4. Qxd8+ Kxd8 5. Nc3 c6 6. e4 f6 7. f4 Bd6 8.
fxe5 Bxe5 9. Na4 Na6 10. a3 Kc7 11. Nf3 Nh6 12. Nxe5 fxe5 13. Bxh6 gxh6 14. Bd3
Rg8 15. O-O Be6 16. c5 Bb3 17. Bxa6 bxa6 18. Nc3 Raf8 19. Rf5 Rxf5 20. exf5 Bc4
21. Ne4 Bd5 22. Re1 Rg4 23. Ng3 e4 24. Re3 Rf4 25. Re2 Kd7 26. Rf2 Rxf2 27.
Kxf2 Ke7 28. Ke3 Kf6 29. Kf4 e3 30. Nh5+ Kf7 31. Kxe3 Bxg2 32. Kf4 Bh3 33. Ke5
Bg4 34. Nf6 Bf3 35. Nxh7 Bd5 36. Nf6 Bf3 37. b4 h5 38. h4 Bg2 39. Nxh5 1-0

[Event "5. ODEM U25 2008"]
[Site "Willingen GER"]
[Date "2008.05.12"]
[Round "3"]
[White "Ackermann, Johannes"]
[Black "Nitze, Florian"]
[Result "1-0"]
[Termination "normal"]
[Board "28"]
[WhiteElo "1902"]
[BlackElo "1530"]
[PlyCount "33"]
[WhiteFideId "24663875"]
[BlackFideId "24603902"]
[EventCountry "GER"]
[EventRounds "9"]
[EventType "swiss"]
[EventDate "2008.05.10"]

1. e4 g6 2. d4 Bg7 3. Be3 d6 4. Nc3 c6 5. Qd2 Nd7 6. O-O-O b5 7. Bd3 a5 8. f4
Bb7 9. e5 dxe5 10. fxe5 e6 11. Ne4 Bf8 12. Nh3 Qc7 13. Qf2 h6 14. Rhf1 Nb6 15.
Nd6+ Bxd6 16. exd6 Qd7 17. Bxg6 1-0

[Event "5. ODEM U25 2008"]
[Site "Willingen GER"]
[Date "2008.05.12"]
[Round "3"]
[White "Wolkow, Michael"]
[Black "Lehmann, Ruben"]
[Result "1/2-1/2"]
[Termination "normal"]
[Board "29"]
[WhiteElo "1566"]
[BlackElo "1780"]
[PlyCount "74"]
[BlackFideId "24671177"]
[EventCountry "GER"]
[EventRounds "9"]
[EventType "swiss"]
[EventDate "2008.05.10"]

1. e4 c6 2. d4 d5 3. exd5 cxd5 4. Bd3 Nc6 5. c3 Qc7 6. Ne2 e6 7. Bf4 Bd6 8.
Bxd6 Qxd6 9. Nd2 Nf6 10. O-O O-O 11. Qc2 Bd7 12. Rae1 Rfc8 13. Nf3 Rab8 14. Ng3
b5 15. Ne5 Nxd4 16. Qd1 Nc6 17. f4 b4 18. Nh5 Nxh5 19. Qxh5 g6 20. Qg5 bxc3 21.
Nxd7 Qxd7 22. f5 cxb2 23. fxe6 fxe6 24. Rf6 Nd4 25. Bxg6 Rc1 26. Bxh7+ Kh8 27.
Rh6 Rxe1+ 28. Kf2 Re2+ 29. Kf1 Qg7 30. Bg6+ Kg8 31. Bh7+ Kf8 32. Qf4+ Ke7 33.
Qc7+ Kf8 34. Qxb8+ Ke7 35. Qc7+ Kf8 36. Qd8+ Kf7 37. Qd7+ Kf8 1/2-1/2

[Event "5. ODEM U25 2008"]
[Site "Willingen GER"]
[Date "2008.05.12"]
[Round "3"]
[White "Müller, Alexander"]
[Black "Hansch, Stephan"]
[Result "1/2-1/2"]
[Termination "normal"]
[Board "30"]
[WhiteElo "1807"]
[BlackElo "1515"]
[PlyCount "218"]
[WhiteFideId "4624696"]
[EventCountry "GER"]
[EventRounds "9"]
[EventType "swiss"]
[EventDate "2008.05.10"]

1. e4 c5 2. Nf3 d6 3. d4 cxd4 4. Nxd4 Nf6 5. Nc3 a6 6. Be3 e5 7. Nb3 Be6 8. f3
Be7 9. g4 O-O 10. g5 Nh5 11. Qd2 Nd7 12. O-O-O b5 13. Rg1 Rc8 14. Kb1 Nb6 15.
Qf2 Nc4 16. Bxc4 Bxc4 17. Nd5 Bxd5 18. Rxd5 Qc7 19. Rgd1 f5 20. exf5 Rxf5 21.
Qg2 Nf4 22. Bxf4 Rxf4 23. R1d3 Rc4 24. Rd2 Rf4 25. Nc1 Rf5 26. h4 Rf4 27. Qh3
Rc4 28. Qh2 Rf4 29. R5d3 Qc4 30. Rc3 Qe6 31. Rxc8+ Qxc8 32. Qg3 Qc4 33. Rh2 Qf1
34. Qh3 Rxf3 35. Qe6+ Kf8 36. Qc8+ Kf7 37. c3 Qg1 38. Rc2 Qb6 39. Qg4 Rf4 40.
Qh5+ Kg8 41. Qe8+ Bf8 42. Qe6+ Kh8 43. h5 Qd8 44. Rg2 Rc4 45. Nd3 Qe7 46. Qf5
e4 47. Nf4 Rc5 48. Nd5 Qe8 49. Rf2 Kg8 50. h6 e3 51. hxg7 Bxg7 52. Rh2 Qf7 53.
Qxh7+ Kf8 54. Nxe3 Rxg5 55. Qd3 Qg6 56. Rf2+ Ke8 57. Nf5 Kd7 58. Kc2 Be5 59.
Qe4 Ke6 60. Nd4+ Kd7 61. Qxg6 Rxg6 62. Rf7+ Ke8 63. Ra7 Bxd4 64. cxd4 d5 65.
Kc3 Rc6+ 66. Kb3 Kd8 67. a3 Kc8 68. Kb4 Rc4+ 69. Ka5 Rxd4 70. Kb6 Rc4 71. Rxa6
Rc2 72. b4 d4 73. Kxb5 Kd7 74. Rh6 d3 75. Rh3 Rc3 76. a4 d2 77. Rxc3 d1=Q 78.
a5 Qd5+ 79. Rc5 Qd3+ 80. Kb6 Ke8 81. b5 Qd6+ 82. Rc6 Qb8+ 83. Kc5 Qe5+ 84. Kb4
Qd4+ 85. Rc4 Qb2+ 86. Kc5 Qe5+ 87. Kc6 Qe6+ 88. Kc5 Qe5+ 89. Kb4 Qb2+ 90. Kc5
Qe5+ 91. Kb6 Qd6+ 92. Ka7 Qd7+ 93. Ka6 Qd6+ 94. Rc6 Qd3 95. Rb6 Qc4 96. Rb7 Qc8
97. Ka7 Qc5+ 98. Ka8 Qd5 99. a6 Kd8 100. b6 Kc8 101. Ka7 Qd6 102. Rc7+ Qxc7+
103. b7+ Kd7 104. Ka8 Qc6 105. Ka7 Qc7 106. Ka8 Qc6 107. a7 Ke6 108. Kb8 Qb6
109. a8=Q Qd8+ 1/2-1/2

[Event "5. ODEM U25 2008"]
[Site "Willingen GER"]
[Date "2008.05.12"]
[Round "3"]
[White "Carow, Annelen"]
[Black "Ehlers, Michael"]
[Result "1-0"]
[Termination "normal"]
[Board "31"]
[WhiteElo "1542"]
[BlackElo "1988"]
[PlyCount "115"]
[WhiteFideId "24692492"]
[BlackFideId "4674537"]
[EventCountry "GER"]
[EventRounds "9"]
[EventType "swiss"]
[EventDate "2008.05.10"]

1. d4 Nf6 2. c4 g6 3. Nc3 d5 4. cxd5 Nxd5 5. e4 Nxc3 6. bxc3 Bg7 7. Be3 O-O 8.
Nf3 c5 9. Qd2 cxd4 10. cxd4 Nc6 11. Bb5 Bd7 12. Rb1 b6 13. O-O Na5 14. Ba6 Bc8
15. Bd3 Bb7 16. Rbc1 Qd7 17. Rfd1 Rfc8 18. d5 Rxc1 19. Rxc1 Rc8 20. Nd4 Rxc1+
21. Qxc1 Qa4 22. Nb5 Qxa2 23. Qc7 Qa1+ 24. Bf1 h5 25. Nxa7 Ba6 26. Qc1 Qxc1 27.
Bxc1 Bxf1 28. Kxf1 Bd4 29. Ba3 Kf8 30. Nc8 Bc5 31. Bxc5 bxc5 32. Nb6 Ke8 33.
Ke2 Kd8 34. Kd3 Kc7 35. Nc4 Nb7 36. e5 f6 37. f4 Nd8 38. Nd2 Kb6 39. Kc4 Nf7
40. Nf3 g5 41. d6 Nxd6+ 42. exd6 exd6 43. fxg5 fxg5 44. Kd5 Kb5 45. Nd2 Kb4 46.
Nc4 Kc3 47. Nxd6 Kd3 48. Ke5 Ke3 49. Kf5 g4 50. g3 Kd4 51. Kf4 Kd5 52. Ne4 c4
53. Ke3 Ke5 54. Nc3 h4 55. gxh4 Kf5 56. Ne4 Ke5 57. Ng3 Kd5 58. Kd2 1-0

[Event "5. ODEM U25 2008"]
[Site "Willingen GER"]
[Date "2008.05.12"]
[Round "3"]
[White "Kelm, Marcel"]
[Black "Pfadenhauer, Tobias"]
[Result "1/2-1/2"]
[Termination "normal"]
[Board "32"]
[WhiteElo "2016"]
[BlackElo "1759"]
[PlyCount "66"]
[WhiteFideId "4675770"]
[BlackFideId "24615455"]
[EventCountry "GER"]
[EventRounds "9"]
[EventType "swiss"]
[EventDate "2008.05.10"]

1. c4 Nf6 2. Nc3 e6 3. e4 d5 4. e5 d4 5. exf6 dxc3 6. fxg7 cxd2+ 7. Bxd2 Bxg7
8. Qc2 Bd7 9. Nf3 Bc6 10. Be2 Nd7 11. Rd1 Qf6 12. Bc3 Qg6 13. Qxg6 Bxc3+ 14.
bxc3 hxg6 15. O-O O-O-O 16. Nd4 Ba4 17. Rb1 e5 18. Nb5 a6 19. Na7+ Kb8 20. Bd1
Kxa7 21. Bxa4 Nb6 22. Bb3 Nd7 23. Rfe1 f6 24. Rbd1 Nc5 25. Rd5 Nxb3 26. axb3 c6
27. Rdd1 Kb6 28. b4 Kc7 29. f3 Rxd1 30. Rxd1 Rh4 31. c5 b6 32. g3 Rc4 33. cxb6+
Kxb6 1/2-1/2

[Event "5. ODEM U25 2008"]
[Site "Willingen GER"]
[Date "2008.05.12"]
[Round "3"]
[White "Kinzel, Franziska"]
[Black "Häussler, Daniel"]
[Result "0-1"]
[Termination "normal"]
[Board "33"]
[WhiteElo "1526"]
[BlackElo "1919"]
[PlyCount "84"]
[BlackFideId "24631345"]
[EventCountry "GER"]
[EventRounds "9"]
[EventType "swiss"]
[EventDate "2008.05.10"]

1. b3 Nf6 2. Bb2 d5 3. g3 Nc6 4. Bg2 e5 5. e3 Bd6 6. Ne2 O-O 7. O-O Be6 8. h3
Qd7 9. Kh2 Ne8 10. d3 f5 11. f4 a5 12. Nd2 a4 13. Rb1 a3 14. Ba1 exf4 15. exf4
Nb4 16. Nf3 c5 17. Ng5 Nc7 18. Qd2 Rad8 19. Rbe1 Rfe8 20. c3 Nc6 21. Qc1 h6 22.
Nxe6 Rxe6 23. Qd1 Rde8 24. Ng1 b5 25. Nf3 Bf8 26. Rxe6 Rxe6 27. d4 cxd4 28.
Nxd4 Nxd4 29. Qxd4 Re2 30. Rf2 Re1 31. Rf1 Qe6 32. Rxe1 Qxe1 33. c4 dxc4 34.
bxc4 b4 35. Bd5+ Nxd5 36. Qxd5+ Kh8 37. Qxf5 Qxa1 38. Qxf8+ Kh7 39. Qf5+ g6 40.
Qd7+ Qg7 41. Qxg7+ Kxg7 42. c5 Kf7 0-1

[Event "5. ODEM U25 2008"]
[Site "Willingen GER"]
[Date "2008.05.12"]
[Round "3"]
[White "Zimmerer, David"]
[Black "Glatting, Lisa"]
[Result "1-0"]
[Termination "normal"]
[Board "34"]
[WhiteElo "1808"]
[BlackElo "1762"]
[PlyCount "120"]
[WhiteFideId "4620224"]
[BlackFideId "24667617"]
[EventCountry "GER"]
[EventRounds "9"]
[EventType "swiss"]
[EventDate "2008.05.10"]

1. e4 e5 2. Nf3 Nc6 3. Bb5 a6 4. Ba4 Nf6 5. O-O b5 6. Bb3 Be7 7. Re1 d6 8. c3
O-O 9. h3 Re8 10. d4 Bf8 11. Bc2 Bb7 12. Nbd2 Qd7 13. d5 Ne7 14. Nf1 h6 15. Ng3
c6 16. dxc6 Bxc6 17. Qe2 Rac8 18. Rd1 Qc7 19. Nh4 Rcd8 20. Nhf5 Nxf5 21. Nxf5
Bd7 22. Ne3 Be7 23. Bb3 Bc6 24. Nd5 Qb7 25. Qf3 Nxd5 26. Bxd5 Bxd5 27. Rxd5 Bf6
28. Qg4 Kf8 29. Qf3 Be7 30. Qf5 Kg8 31. Qg4 Kf8 32. Be3 Qd7 33. Qf3 Qc6 34.
Rad1 Rd7 35. Qf5 Red8 36. Bc5 Qc7 37. Be3 Qc6 38. Bc5 Qc7 39. Be3 Qc6 40. g3
Ke8 41. h4 Qc7 42. Kg2 Rc8 43. R1d2 Rdd8 44. f4 Bf6 45. a3 Ke7 46. h5 Qd7 47.
Bb6 Qxf5 48. Bxd8+ Rxd8 49. exf5 exf4 50. gxf4 Ke8 51. Rxd6 Ra8 52. Rb6 Be7 53.
Rb7 Rd8 54. Rxd8+ Bxd8 55. Kf3 Kf8 56. Ke4 Ke8 57. Kd3 Kf8 58. Ra7 a5 59. Rb7
b4 60. axb4 axb4 1-0

[Event "5. ODEM U25 2008"]
[Site "Willingen GER"]
[Date "2008.05.12"]
[Round "3"]
[White "Zhou, Wile"]
[Black "Werner, Patrick"]
[Result "0-1"]
[Termination "normal"]
[Board "35"]
[WhiteElo "1512"]
[BlackElo "1754"]
[PlyCount "78"]
[WhiteFideId "4695674"]
[BlackFideId "24601608"]
[EventCountry "GER"]
[EventRounds "9"]
[EventType "swiss"]
[EventDate "2008.05.10"]

1. e4 g6 2. d4 Bg7 3. Be3 d6 4. Nf3 Nd7 5. Nc3 a6 6. Bc4 b5 7. Bb3 e6 8. Qd2
Bb7 9. O-O-O c5 10. a3 c4 11. Ba2 Qc7 12. d5 e5 13. h4 Ngf6 14. Bh6 Bxh6 15.
Qxh6 Ng4 16. Qg7 O-O-O 17. Ng5 Rdf8 18. h5 Rhg8 19. Qxh7 Ndf6 20. Ne6 fxe6 21.
Qxc7+ Kxc7 22. Rd2 exd5 23. exd5 Nxh5 24. f3 Ngf6 25. b3 cxb3 26. Bxb3 Ng3 27.
Re1 Re8 28. a4 Kb6 29. Ne4 Nfxe4 30. fxe4 Ref8 31. c4 b4 32. Rc2 Kc5 33. a5 Rf4
34. Rb2 Nxe4 35. Rh1 Rgf8 36. Rh7 Rf1+ 37. Kc2 Kd4 38. Ba2 Nc5 39. Rh4+ e4 0-1